Principes d'économie politique

Saved in:
Bibliographic Details
Format: Book
Language:French
Published: Paris [s.n.] 1904
Tags: Add Tag
No Tags, Be the first to tag this record!

MARC

LEADER 00000nam a2200000 4500
001 0307178
005 20250220142813.2
041 0 |a fre 
044 |a FR 
245 1 0 |a Principes d'économie politique  |c Charles Gide 
264 1 |a Paris  |b [s.n.]  |c 1904